00197nas a2200085Ia 4500008004100000040001900041041001200060245000900072260003000081140107s9999 xx 000 0 und d aLoreto College aEnglish aCLIO bCorpus Research Institute